Advanced programming using Visual Basic .Net

Shranjeno v:
Bibliografske podrobnosti
Glavni avtor: Bradley, Julia Case
Format: Knjiga
Jezik:Undetermined
Izdano: Boston, MA McGraw-Hill 2003
Teme:
Oznake: Označite
Brez oznak, prvi označite!
Thư viện lưu trữ: Trung tâm Học liệu Trường Đại học Cần Thơ
LEADER 00559nam a2200193Ia 4500
001 CTU_61362
008 210402s9999 xx 000 0 und d
020 |b 1022000 
082 |a 005.2768 
082 |b B811 
100 |a Bradley, Julia Case 
245 0 |a Advanced programming using Visual Basic .Net 
245 0 |c Julia Case Bradley and Anita C. Millspaugh 
260 |a Boston, MA 
260 |b McGraw-Hill 
260 |c 2003 
650 |a Basic ( computer program language ) 
904 |i Minh 
980 |a Trung tâm Học liệu Trường Đại học Cần Thơ